Statystyki dla Najpopularniejsze Obrazy Jana Matejki

Kliknij tutaj aby rozwiązać quiz!

Ogólne statystyki

  • Ten quiz został rozwiązany 483 razy
  • Średni wynik to 7 z 16

Statystyki odpowiedzi

Odpowiedź% Poprawnych
Stańczyk
90%
Astronom Kopernik, czyli rozmowa z Bogiem
88%
Bitwa pod Grunwaldem
86%
Hołd Pruski
66%
Zaprowadzenie Chrześcijaństwa
58%
Autoportret
57%
Konstytucja 3 Maja
55%
Rejtan – Upadek Polski
51%
Jan Sobieski pod Wiedniem
33%
Kazanie Skargi
30%
Unia Lubelska
30%
Wernyhora
12%
Chrzest Litwy
11%
Wniebowstąpienie
9%
Dziewica Orleańska
7%
Alchemik Sędziwój
4%

Rozkład punktacji

Percentyl według liczby udzielonych odpowiedzi

Procent ludzi z każdym wynikiem

Twoja historia wyników

Nie rozwiązałeś tego quizu